000 00619nam a2200205Ia 4500
003 GCL
008 140319s9999 xx 000 0 ara d
040 _aGCL /
_cGCL
082 0 4 _a953
_bم ق
100 1 _aمحمد فتحى عثمان
245 1 0 _aالقيم الحضارية فى رسالة الاسلام /
_cمحمد فتحى عثمان
300 _a156 ص
490 _a
650 0 4 _aالحضارة
650 0 4 _aالثقافة الاسلامية
650 0 4 _aالعمارة الاسلامية
650 0 4 _aالحضارة الاسلامية
650 0 4 _aالفن الاسلامى
942 _2ddc
_cBK
999 _c39168
_d39168